| 000 | 00395nam a22001577a 4500 | ||
|---|---|---|---|
| 005 | 20230601110453.0 | ||
| 008 | 160905b xxu||||| |||| 00| 0 eng d | ||
| 020 | _a978-0-07-068-351-8 | ||
| 041 | _aeng | ||
| 100 |
_aVELTE,ANTHONY T _97852 |
||
| 245 | _aCLOUD COMPUTING : A Practical Approach | ||
| 260 | _bMCGROW HILL | ||
| 300 | _a326 | ||
| 650 |
_aINFORMATION TECHNOLOGY _97853 |
||
| 942 | _cBK | ||
| 999 |
_c5193 _d5191 |
||